Statistics for Scotland Football One-Cap Wonders - #3 1960 - 1969

Click here to take the quiz!

General Stats

  • This quiz has been taken 8 times
  • The average score is 2 of 12

Answer Stats

YearOpponentClub TeamPLAYER% Correct
1967WalesCelticJim Craig
63%
1960WalesMotherwellJohn Martis
25%
1961CzechoslovakiaDundeeHugh Robertson
25%
1964WalesTottenham Hotspur (ENG)Jimmy Robertson
25%
1965FinlandHibernianWillie Hamilton
25%
1968West GermanyDundeeGeorge McLean
25%
1966NetherlandsHibernianJim Scott
13%
1966PortugalLeicester City (ENG)Jackie Sinclair
13%
1969AustriaManchester United (ENG)Francis Burns
13%
1960Northern IrelandManchester City (ENG)Jackie Plenderleith
0%
1962Uruguay (+46)RangersBilly Ritchie
0%
1966NetherlandsDundeeAndy Penman
0%

Score Distribution

Percentile by Number Answered

Percent of People with Each Score

Your Score History

You have not taken this quiz